000 00450nam a2200181Ia 4500
001 23778
005 20260414151000.0
008 260414t1924||||xx |||||||||||||| ||spa||
041 _aESP
082 _a709
_bW78
100 _aWölfflin, Enrique,
_eAUT
245 0 _aConceptos fundamentales en la historia del arte
_b
260 _c1924
300 _axiii, 326 páginas :
_c24 cm.
650 _aABD
654 _aCAU
942 _cLIB
_dJUS
_fJUS
_2ddc
_n
999 _c23778
_d23778